000 01307nam a2200265 i 4500
001 167389
003 ES-MaACL
005 20250820122228.0
008 981124s1745 fr |||| | fre d
100 1 _aVic, Claude de.
_9133664
245 1 0 _aHistoire generale de Languedoc, avec des Notes & les Piéces justificatives :
_bcomposée sur les Auteurs & les Titres originaux, & enrichie de divers Monumens /
_cpar un Religieux Bénédictin de la Congégation de S. Maur ; tome cinquiéme.
260 _aA Paris :
_bChez Jacques Vincent,
_c1745.
300 _aVII, [3], 688 p., 494 col., VIII h. de grab., 2 h. de grab., 6 h. pleg. :
_bil. ;
_cFol.
510 4 _aBARBIER,
_ct. II, col. 809
530 _aDisponible en formato digital.
594 _aBarbier también atribuye la obra a Joseph Vaissette, como coautor
597 _aSign.: a4, A-Z4, 2A-2Z4, 3A-3Z4, 4A-4R4, A-Z4, 2A4, 2B-2P2.
597 _aLetras capitales, cabeceras y h. de grab. calc.
597 _aPort. a dos tintas con grab. calc.
651 4 _aLanguedoc-
_xHistoria.
_9174652
700 1 _aVaissète, Joseph,
_d1685-1756
_9163023
852 4 _aES-MaACL
_jR-2074
_z- Enc. pasta
_z- Ex-libris de la Biblioteca Real
856 4 _uhttp://data.dm2e.eu/data/item/onb/abo/%2BZ168660102
_zEuropeana
999 _c167389
_d167389